| 000 | 00865nac a22002291u 4500 | ||
|---|---|---|---|
| 010 | _a 2002726893 | ||
| 020 | _a1853836311 (hardback : alk. paper) | ||
| 020 | _a1853837407 (pbk.) | ||
| 035 | _a(OCoLC)ocm40799003 | ||
| 082 |
_a327 _bEd951 |
||
| 090 |
_c2126 _d2126 |
||
| 100 | _aEdwards, Michael, | ||
| 245 | 1 | 0 |
_aFuture positive : _binternational co-operation in the 21st century / _cby Michael Edwards. |
| 246 | 3 | 0 | _aInternational cooperation in the 21st century |
| 260 |
_aLondon : _bEarthscan,1999 _c1999 |
||
| 300 |
_axii, 292 p. ; _c22 cm. |
||
| 504 | _aIncludes bibliographical references (p. [234]-285) and index. | ||
| 650 | 0 | _aInternational cooperation. | |
| 650 | 0 | _aInternational relations. | |
| 942 |
_cBB _k327Ed951 |
||
| 999 |
_c2126 _d2126 |
||